| 000 | 01138cam a2200325 i 4500 | ||
|---|---|---|---|
| 001 | 25354 | ||
| 003 | Mx-PuUPA | ||
| 005 | 20260212135127.0 | ||
| 008 | 140415s2022 sp gr 000 0 spa d | ||
| 017 | _aM-25.753-2022 | ||
| 020 | _a9788413682334 | ||
| 040 |
_aMx-PuUPA _bspa _cMx-PuUPA _dMx-PuUPA _erda |
||
| 041 | 0 | _aspa | |
| 100 | 1 |
_aCortina, Albert, _d1961- _eautor _917828 |
|
| 245 | 1 | 0 |
_aTranshumanismo : _bla ideología que desafía a la fe cristiana / _cAlbert Cortina |
| 264 | 1 |
_aMadrid, España : _bEdiciones Palabra, _c©2022 |
|
| 300 |
_a175 páginas ; _c19 cm |
||
| 336 |
_2rdacontent _atexto _btxt |
||
| 337 |
_2rdamedia _asin medio _bn |
||
| 338 |
_2rdacarrier _avolumen _bnc |
||
| 490 | 0 |
_adBolsillo ; _v931 |
|
| 650 | 7 |
_913986 _2armarc _aTranshumanismo |
|
| 650 | 7 |
_2armarc _aTecnología _xFilosofía |
|
| 650 | 7 |
_2armarc _aAntropología filosófica |
|
| 650 | 7 |
_2armarc _aTranshumanismo _xAspectos religiosos _xIglesia Católica |
|
| 942 |
_2ddc _cLI _h128.3 _iC78 |
||
| 999 |
_c25354 _d25354 |
||